00299nam a22000977a 4500008004100000082001700041110000800058245009900066260002700165300000900192230609b xxu||||| |||| 00| 0 eng d a354.676bGOK bGOK a2005/2006 Estimates of Development Expenditure of the GOk for the Year Endeing 30th June, 2006 aKenyabGoKcJune, 2005 a414p